[Event "USCL Carolina vs Baltimore"]
[Site "Internet Chess Club"]
[Date "2007.09.05"]
[Round "2"]
[White "Zaikov, Oleg"]
[Black "Rohonyan, Katerina"]
[Result "1-0"]
[WhiteElo "2369"]
[BlackElo "2291"]
[PlyCount "49"]
[EventDate "2007.??.??"]

1. d4 Nf6 2. c4 c5 3. d5 b5 4. cxb5 a6 5. bxa6 g6 6. Nc3 Bxa6 7. Nf3 d6 8. g3
Bg7 9. Bg2 Nbd7 10. Rb1 Qa5 11. Bd2 Nb6 12. b3 Bb7 13. O-O O-O 14. a4 Rac8 15.
e4 Qa8 16. Re1 e6 17. dxe6 Nxe4 18. exf7+ Kh8 19. Nxe4 Bxe4 20. Rc1 d5 21. Bh3
Bxf3 22. Qxf3 Rc7 23. Be6 c4 24. Bb4 Rd8 25. a5 1-0

[Event "USCL Dallas vs San Francisco"]
[Site "Internet Chess Club"]
[Date "2007.09.05"]
[Round "2"]
[White "Stopa, Jacek"]
[Black "Pruess, David"]
[Result "1-0"]
[WhiteElo "2433"]
[BlackElo "2448"]
[PlyCount "51"]
[EventDate "2007.??.??"]

1. Nc3 c5 2. Nf3 g6 3. e4 Bg7 4. d4 cxd4 5. Nxd4 Nc6 6. Nb3 Nf6 7. Be2 O-O 8.
O-O b6 9. Bg5 Bb7 10. f4 d6 11. Bf3 Na5 12. Nxa5 bxa5 13. Kh1 Qb6 14. Rb1 Rfc8
15. e5 dxe5 16. fxe5 Rd8 17. Qe2 Nd7 18. Nd5 Bxd5 19. Bxd5 Nxe5 20. Bxa8 Rxa8
21. Bxe7 Qe6 22. Bc5 Qxa2 23. Qe4 Rc8 24. Bxa7 Qc4 25. Qe3 Qxc2 26. Rbc1 1-0

[Event "USCL Tennessee vs New Jersey"]
[Site "Internet Chess Club"]
[Date "2007.09.05"]
[Round "2"]
[White "Zlotnikov, Mikhail"]
[Black "Andrews, Todd"]
[Result "1-0"]
[WhiteElo "2408"]
[BlackElo "2337"]
[PlyCount "77"]
[EventDate "2007.??.??"]

1. Nf3 e6 2. g3 b6 3. Bg2 Bb7 4. O-O f5 5. c4 Nf6 6. Nc3 Bb4 7. Qc2 O-O 8. d3
Bxc3 9. Qxc3 Qe8 10. b4 d6 11. c5 Na6 12. cxd6 cxd6 13. Bb2 Rc8 14. Qd2 e5 15.
a3 Qh5 16. Rac1 Nc7 17. b5 Ne6 18. Qb4 Rcd8 19. Qh4 Qe8 20. a4 h6 21. Nd2 Bxg2
22. Kxg2 f4 23. Rc6 Rd7 24. Qh3 g5 25. f3 h5 26. Nc4 g4 27. Qh4 Nd4 28. Rxd6
gxf3+ 29. exf3 Rxd6 30. Nxd6 Qe6 31. Qg5+ Kh8 32. Bxd4 exd4 33. Nf5 Ne8 34.
Qxh5+ Kg8 35. g4 Ng7 36. Qg5 Qf6 37. Qxf6 Rxf6 38. Nxg7 Kxg7 39. Re1 1-0

[Event "USCL Boston vs Queens"]
[Site "Internet Chess Club"]
[Date "2007.09.05"]
[Round "2"]
[White "Kleiman, Jake"]
[Black "Sammour-Hasbun, Jorge"]
[Result "0-1"]
[WhiteElo "2389"]
[BlackElo "2576"]
[PlyCount "74"]
[EventDate "2007.??.??"]

1. e4 e5 2. Nf3 Nc6 3. Bb5 a6 4. Ba4 Nf6 5. d3 d6 6. c3 Be7 7. O-O O-O 8. Re1
b5 9. Bc2 Bb7 10. Nbd2 Re8 11. Nf1 Bf8 12. Nh4 g6 13. Qf3 Bg7 14. Ng3 Nd7 15.
Bb3 Bf6 16. Nhf5 gxf5 17. Nxf5 Kh8 18. Qh5 Ne7 19. Nh6 Rf8 20. Re3 Bg7 21. Ng4
Ng8 22. Rh3 Ndf6 23. Qh4 Bc8 24. f3 Bxg4 25. fxg4 h6 26. g5 Nh7 27. gxh6 Bf6
28. Qh5 Bg5 29. Rg3 Ngf6 30. Qf3 Bf4 31. Bxf4 exf4 32. Rh3 Ng5 33. Qxf4 Nxh3+
34. gxh3 Nh7 35. Kh1 Qg5 36. Qf2 Qxh6 37. Rg1 Rg8 0-1

[Event "USCL Carolina vs Baltimore"]
[Site "Internet Chess Club"]
[Date "2007.09.05"]
[Round "2"]
[White "Zimmer, Ralph"]
[Black "Jones, Craig"]
[Result "0-1"]
[WhiteElo "2243"]
[BlackElo "2323"]
[PlyCount "86"]
[EventDate "2007.??.??"]

1. d4 Nf6 2. c4 e6 3. g3 Bb4+ 4. Bd2 Qe7 5. Nf3 Nc6 6. Bg2 Bxd2+ 7. Nbxd2 O-O
8. O-O d6 9. e4 e5 10. d5 Nb8 11. Ne1 a5 12. Nd3 Na6 13. h3 Nd7 14. a3 Ndc5 15.
Nxc5 Nxc5 16. b4 axb4 17. axb4 Rxa1 18. Qxa1 Na6 19. Qc3 f5 20. exf5 Bxf5 21.
Kh2 Bg6 22. Nb3 b6 23. Qd2 Nb8 24. Qe3 Qe8 25. Kg1 Qa4 26. f4 Qxb4 27. fxe5
Rxf1+ 28. Bxf1 dxe5 29. Qxe5 Qxb3 30. Qxc7 Qe3+ 31. Kh2 Qe8 32. Qxb6 Nd7 33.
Qd6 Ne5 34. c5 Nf3+ 35. Kg2 Ne1+ 36. Kf2 Nd3+ 37. Kg2 Qe4+ 38. Kh2 Ne1 39. Qd8+
Be8 40. c6 Nf3+ 41. Kg2 Nd2+ 42. Kh2 Nxf1+ 43. Kg1 Ne3 0-1

[Event "USCL Boston vs Queens"]
[Site "Internet Chess Club"]
[Date "2007.09.05"]
[Round "2"]
[White "Coleman, Teddy"]
[Black "Krasik, Ilya"]
[Result "1-0"]
[WhiteElo "2297"]
[BlackElo "2137"]
[PlyCount "99"]
[EventDate "2007.??.??"]

1. d4 Nf6 2. c4 g6 3. Nc3 Bg7 4. e4 d6 5. f3 O-O 6. Nge2 Nc6 7. Be3 a6 8. Qd2
Rb8 9. Rc1 Bd7 10. Nd1 e6 11. g3 b5 12. b3 Ne8 13. Bg2 bxc4 14. bxc4 d5 15.
cxd5 exd5 16. e5 Ne7 17. O-O Bb5 18. Re1 Bc4 19. Nec3 c5 20. Nb2 cxd4 21. Bxd4
Nc6 22. Bc5 Nxe5 23. f4 Rxb2 24. Qxb2 Nd3 25. Qa3 Bxc3 26. Rxc3 Nxe1 27. Bxf8
Nxg2 28. Kxg2 d4 29. Bh6 Nd6 30. Rc1 Nf5 31. Kg1 Bb5 32. Qa5 Qe8 33. Re1 Qd7
34. Bg5 Kg7 35. Qb6 Bc6 36. Rc1 d3 37. Bf6+ Kh6 38. Bg5+ Kh5 39. h3 Nxg3 40.
Qxc6 Ne2+ 41. Kg2 Qxc6+ 42. Rxc6 h6 43. Bf6 Nxf4+ 44. Kf3 g5 45. Rd6 Nxh3 46.
Rxd3 Nf4 47. Rd6 a5 48. Ra6 Nd5 49. Bg7 f6 50. Bxf6 1-0

[Event "USCL Carolina vs Baltimore"]
[Site "Internet Chess Club"]
[Date "2007.09.05"]
[Round "2"]
[White "Kaufman, Larry"]
[Black "Schroer, Jonathan"]
[Result "1/2-1/2"]
[WhiteElo "2406"]
[BlackElo "2449"]
[PlyCount "61"]
[EventDate "2007.??.??"]

1. d4 d5 2. c4 e6 3. Nf3 Nf6 4. g3 Be7 5. Bg2 O-O 6. O-O dxc4 7. Qc2 a6 8. Qxc4
b5 9. Qc2 Bb7 10. Bd2 Be4 11. Qc1 Bb7 12. Rd1 Qc8 13. Bf4 c5 14. dxc5 Bxc5 15.
Nbd2 Bd5 16. Nb3 Be7 17. Qxc8 Rxc8 18. Ne5 Nc6 19. Nxc6 Bxc6 20. Bxc6 Rxc6 21.
Rac1 Rac8 22. Na5 Rxc1 23. Rxc1 Rxc1+ 24. Bxc1 Kf8 25. Nc6 Bd6 26. Bd2 Ke8 27.
Bc3 Kd7 28. Ne5+ Ke7 29. Nc6+ Kd7 30. Ne5+ Ke7 31. Nc6+ 1/2-1/2

[Event "USCL New York vs Philadelphia"]
[Site "Internet Chess Club"]
[Date "2007.09.05"]
[Round "2"]
[White "Hess, Robert"]
[Black "Yeager, Daniel"]
[Result "0-1"]
[WhiteElo "2486"]
[BlackElo "2313"]
[PlyCount "68"]
[EventDate "2007.??.??"]

1. e4 c5 2. Nc3 Nc6 3. Bb5 Nd4 4. Bc4 e6 5. Nge2 Nf6 6. O-O a6 7. a4 Nxe4 8.
Nxe4 d5 9. Bd3 dxe4 10. Bxe4 Be7 11. c3 Nxe2+ 12. Qxe2 O-O 13. f4 Qc7 14. d3
Re8 15. Be3 Bd7 16. d4 Bc6 17. Bc2 Bd5 18. Qf2 Rac8 19. Rad1 cxd4 20. Bxd4 Bc5
21. Rfe1 Bxd4 22. Rxd4 Bc6 23. Re3 g6 24. Rd2 Red8 25. Rde2 Qb6 26. f5 Bd5 27.
a5 Qxa5 28. fxg6 fxg6 29. Bxg6 hxg6 30. Qf6 Rd7 31. Rxe6 Rf8 32. Qg5 Qc5+ 33.
R6e3 Bc4 34. Qxg6+ Rg7 0-1

[Event "USCL Boston vs Queens"]
[Site "Internet Chess Club"]
[Date "2007.09.05"]
[Round "2"]
[White "Shmelov, Denys"]
[Black "Critelli, James"]
[Result "1-0"]
[WhiteElo "2391"]
[BlackElo "2337"]
[PlyCount "107"]
[EventDate "2007.??.??"]

1. d4 Nf6 2. c4 e6 3. Nc3 Bb4 4. f3 O-O 5. e4 d5 6. e5 Nfd7 7. cxd5 exd5 8. a3
Bxc3+ 9. bxc3 f6 10. exf6 Qxf6 11. Bd3 Nb6 12. Ne2 Bf5 13. Bf4 Rf7 14. Be5 Qg5
15. Bxf5 Qxf5 16. Ng3 Qd7 17. O-O Nc6 18. f4 Nc4 19. Qd3 b5 20. Rf3 a5 21. h3
Qe7 22. Nf5 Qe6 23. Ng3 a4 24. f5 Qd7 25. Bf4 Re8 26. Bg5 N6a5 27. Raf1 Nd6 28.
f6 Ne4 29. h4 g6 30. h5 Nc4 31. hxg6 hxg6 32. Rf4 Ncd6 33. Nxe4 Rxe4 34. Rh4
Rh7 35. Rxh7 Kxh7 36. Bf4 Nf7 37. Qg3 c6 38. Qh4+ Kg8 39. Qg3 Kh7 40. Rf3 Qe6
41. Qh4+ Kg8 42. Qg3 Qxf6 43. Bd2 Qe6 44. Qb8+ Kg7 45. Qg3 Re2 46. Bf4 Re1+ 47.
Kh2 Re4 48. Kg1 Re2 49. Kh2 Qe8 50. Bg5 Qh8+ 51. Kg1 Re6 52. Qc7 Qe8 53. Qf4
Qe7 54. Bxe7 1-0

[Event "USCL New York vs Philadelphia"]
[Site "Internet Chess Club"]
[Date "2007.09.05"]
[Round "2"]
[White "Wilson, Elvin"]
[Black "Herman, Matt"]
[Result "1-0"]
[WhiteElo "2240"]
[BlackElo "2171"]
[PlyCount "79"]
[EventDate "2007.??.??"]

1. d4 c5 2. d5 e5 3. e4 d6 4. Nc3 a6 5. a4 b6 6. f4 exf4 7. Bxf4 Ne7 8. Nf3 Ng6
9. Bg3 Bg4 10. Be2 Bxf3 11. Bxf3 Nd7 12. O-O Qe7 13. Bg4 Nde5 14. Bf5 Ra7 15.
Qh5 Kd8 16. Kh1 Qe8 17. b4 cxb4 18. Ne2 Be7 19. Nd4 Bf6 20. Qe2 Kc7 21. Qe1 Ne7
22. Bh3 N7g6 23. Qxb4 Rb7 24. Ra3 Kb8 25. Qxd6+ Ka8 26. Qb4 Bh4 27. Rc3 Bxg3
28. hxg3 Qe7 29. d6 Qg5 30. Nc6 Nxc6 31. Rxc6 Ne5 32. Rxb6 Nc6 33. Rxa6+ Na7
34. Qc3 Rhb8 35. d7 Rb6 36. Rxb6 Rxb6 37. Qc7 Rb8 38. Rxf7 Rd8 39. Kh2 h5 40.
Rf5 1-0

[Event "USCL Dallas vs San Francisco"]
[Site "Internet Chess Club"]
[Date "2007.09.05"]
[Round "2"]
[White "Young, Gregory"]
[Black "Zorigt, Bayaraa"]
[Result "1/2-1/2"]
[WhiteElo "2127"]
[BlackElo "2207"]
[PlyCount "127"]
[EventDate "2007.??.??"]

1. e4 c5 2. Nf3 d6 3. d4 cxd4 4. Nxd4 Nf6 5. Nc3 g6 6. Be3 Bg7 7. f3 O-O 8. Qd2
Nc6 9. Bc4 Bd7 10. Bb3 Rc8 11. O-O-O Nxd4 12. Bxd4 b5 13. h4 a5 14. a4 bxa4 15.
Nxa4 Bxa4 16. Bxa4 Rc4 17. Bb3 Rxd4 18. Qxd4 Nd7 19. Qc4 Qb8 20. h5 Nc5 21.
hxg6 hxg6 22. e5 Bxe5 23. Rd5 Bg7 24. Re1 e6 25. Rxc5 dxc5 26. f4 Rd8 27. c3
Qb7 28. Re2 Bh6 29. Bc2 Qe7 30. g3 Qd6 31. Kb1 Bg7 32. g4 Qd5 33. Qxd5 exd5 34.
f5 g5 35. Bd3 Kf8 36. Re1 d4 37. c4 Bf6 38. Kc2 Rb8 39. Ra1 Bd8 40. Be4 Bc7 41.
f6 Rb6 42. Rxa5 Rxb2+ 43. Kxb2 Bxa5 44. Kb3 Bd8 45. Ka4 Bxf6 46. Kb5 Be7 47.
Bf5 Kg7 48. Kc6 Kf6 49. Kd5 Bf8 50. Be4 Kg7 51. Bf5 Be7 52. Kc6 Bf8 53. Kd5 Be7
54. Kc6 Kf6 55. Kd5 Bf8 56. Be4 Bg7 57. Bf5 Bf8 58. Be4 Be7 59. Bf5 Kg7 60. Kc6
Kg8 61. Kc7 Kf8 62. Kd7 Bf6 63. Kd6 Be7+ 64. Kd7 1/2-1/2

[Event "USCL New York vs Philadelphia"]
[Site "Internet Chess Club"]
[Date "2007.09.05"]
[Round "2"]
[White "Smith, Bryan"]
[Black "Krush, Irina"]
[Result "1/2-1/2"]
[WhiteElo "2442"]
[BlackElo "2512"]
[PlyCount "107"]
[EventDate "2007.??.??"]

1. e4 c5 2. Nf3 a6 3. g3 b5 4. Bg2 Bb7 5. Qe2 d6 6. d4 cxd4 7. Nxd4 e5 8. Nf5
g6 9. Ne3 Nf6 10. Nc3 Bg7 11. O-O Nc6 12. Ncd5 Nd4 13. Qd1 O-O 14. c3 Ne6 15.
a4 bxa4 16. Qxa4 a5 17. Rd1 Nxd5 18. Nxd5 Nc5 19. Qa3 Bxd5 20. Rxd5 Qb8 21. Be3
a4 22. Rad1 Ra6 23. Bxc5 dxc5 24. Rxc5 Rb6 25. Qxa4 Rxb2 26. Bf1 Qb6 27. Qc6
Qb3 28. Rb5 Qxd1 29. Rxb2 Kh8 30. Kg2 f5 31. exf5 gxf5 32. Be2 Qd8 33. Rb7 e4
34. c4 Qd4 35. Qd7 Qc3 36. Qe6 Qd2 37. Qe7 Rg8 38. Bh5 Qc3 39. c5 f4 40. Qxe4
fxg3 41. hxg3 Qxc5 42. Bf7 Rf8 43. Re7 Qd6 44. Re8 Rxe8 45. Qxe8+ Qf8 46. Qe6
Bd4 47. Qd5 Bf6 48. Be6 Qd8 49. Qb7 Qe7 50. Qa8+ Qd8 51. Qe4 Qd4 52. Qb7 Qd8
53. Bf5 Qe7 54. Qxe7 1/2-1/2

[Event "USCL Tennessee vs New Jersey"]
[Site "Internet Chess Club"]
[Date "2007.09.05"]
[Round "2"]
[White "Burnett, Ron"]
[Black "Ippolito, Dean"]
[Result "1-0"]
[WhiteElo "2407"]
[BlackElo "2433"]
[PlyCount "115"]
[EventDate "2007.??.??"]

1. e4 e5 2. Bc4 Nc6 3. Nf3 Bc5 4. d3 Nf6 5. Bb3 a6 6. c3 Ba7 7. Nbd2 O-O 8. h3
d6 9. g4 Be6 10. Qe2 Bxb3 11. axb3 d5 12. b4 Qd6 13. Nf1 Rad8 14. Ng3 dxe4 15.
dxe4 Ne8 16. O-O Qd3 17. Qxd3 Rxd3 18. Kg2 Nd6 19. Ne1 Rd1 20. Nc2 Rxf1 21.
Kxf1 Rd8 22. Ke2 f6 23. Be3 Nc4 24. Bc1 Nd6 25. Be3 Nc4 26. Bc1 Kf7 27. Na3
Nxa3 28. bxa3 Ne7 29. Be3 Bxe3 30. fxe3 Nc8 31. c4 Ke6 32. Rc1 g6 33. Rc2 Ne7
34. Rc1 Rd7 35. Nh1 Rd8 36. Nf2 b6 37. Nd3 Rh8 38. c5 h5 39. cxb6 cxb6 40. Rc7
hxg4 41. hxg4 Rc8 42. Rb7 Rc6 43. a4 Nc8 44. a5 Kd6 45. axb6 Nxb6 46. Nc5 f5
47. exf5 gxf5 48. gxf5 Kd5 49. Kd3 Rd6 50. Ne4 Rc6 51. f6 Na4 52. Rd7+ Ke6 53.
f7 Rc8 54. Ra7 Nb2+ 55. Ke2 Nc4 56. Ng5+ Kf6 57. f8=Q+ Rxf8 58. Nh7+ 1-0

[Event "USCL Miami vs Seattle"]
[Site "Internet Chess Club"]
[Date "2007.09.05"]
[Round "2"]
[White "Espino, Miguel"]
[Black "Mikhailuk, Slava"]
[Result "0-1"]
[WhiteElo "2307"]
[BlackElo "2433"]
[PlyCount "98"]
[EventDate "2007.??.??"]

1. d4 d5 2. c4 e6 3. Nc3 c5 4. cxd5 exd5 5. Nf3 Nc6 6. e3 Nf6 7. Be2 cxd4 8.
Nxd4 Bd6 9. Ncb5 Be7 10. Nf3 O-O 11. O-O Ne4 12. Bd2 Bg4 13. h3 Bh5 14. Bc3 a6
15. Nbd4 Nxc3 16. bxc3 Bg6 17. Nxc6 bxc6 18. Ne5 Qd6 19. Nxg6 hxg6 20. c4 Bf6
21. Rc1 d4 22. exd4 Bxd4 23. c5 Qf4 24. Bf3 Rad8 25. Qb3 Rb8 26. Qd3 Rb2 27.
Rc4 Rd8 28. Qe4 Qd2 29. Qxc6 Bxf2+ 30. Kh1 Bg3 31. Rcc1 Be5 32. Qe4 Qg5 33.
Rce1 Bc7 34. Qg4 Qxc5 35. g3 Rxa2 36. Re2 Rxe2 37. Bxe2 Be5 38. Qf3 Qa7 39. Bc4
Bf6 40. g4 g5 41. h4 Rd2 42. hxg5 Qc7 43. Qf4 Qc6+ 44. Qf3 Qc7 45. Qf4 Qc6+ 46.
Qf3 Qxc4 47. gxf6 Rd3 48. Qa8+ Kh7 49. Kg2 Qxg4+ 0-1

[Event "USCL Tennessee vs New Jersey"]
[Site "Internet Chess Club"]
[Date "2007.09.05"]
[Round "2"]
[White "Shen, Victor"]
[Black "Larson, Gerald"]
[Result "1/2-1/2"]
[WhiteElo "2250"]
[BlackElo "2120"]
[PlyCount "162"]
[EventDate "2007.??.??"]

1. e4 c5 2. Nf3 Nc6 3. d4 cxd4 4. Nxd4 Qc7 5. Nc3 e6 6. Be2 a6 7. O-O b5 8.
Nxc6 dxc6 9. Be3 Bb7 10. f4 Nf6 11. e5 Nd5 12. Nxd5 cxd5 13. c3 Rc8 14. Bd4 Bc5
15. Rf2 O-O 16. Bf1 Qb6 17. Qd2 f6 18. Re1 Bxd4 19. cxd4 b4 20. exf6 Rxf6 21.
g4 Rc7 22. g5 Rf8 23. Bh3 Bc8 24. Qe3 Rc4 25. Rd2 Qd6 26. Rf1 a5 27. Bg4 a4 28.
Be2 Rc7 29. Bd3 Ba6 30. Bxa6 Qxa6 31. Re1 Rc6 32. h4 Qc4 33. Ra1 a3 34. bxa3
Qc3 35. Qxc3 bxc3 36. Rf2 Rc4 37. Rc1 Rxd4 38. Rxc3 Rdxf4 39. Re2 Rxh4 40. Rxe6
Rg4+ 41. Kh2 Rxg5 42. Re7 h6 43. Re2 Rf4 44. Kh3 Rc4 45. Rb3 d4 46. Rd2 Rc1 47.
Kh2 Rg4 48. Rb4 h5 49. a4 Rc3 50. Rb3 Rgg3 51. Rb4 Rcd3 52. Rdb2 h4 53. a5 Rh3+
54. Kg2 Rdg3+ 55. Kf2 Rh2+ 56. Kf1 Rxb2 57. Rxb2 Ra3 58. Rd2 d3 59. Kg2 Kh7 60.
Kh3 g5 61. a6 Kh6 62. Kg4 Ra4+ 63. Kf5 Rxa6 64. Rxd3 Rxa2 65. Rd8 Ra5+ 66. Kg4
Ra4+ 67. Kh3 Rf4 68. Rc8 Kg6 69. Rc5 Rf3+ 70. Kg2 Rf5 71. Rc8 Kh5 72. Rc4 Rf4
73. Rc3 Kg4 74. Rb3 Ra4 75. Kg1 h3 76. Kh2 Ra2+ 77. Kg1 h2+ 78. Kh1 Rf2 79.
Rg3+ Kf4 80. Rg4+ Kf5 81. Rxg5+ Kxg5 1/2-1/2

[Event "USCL Carolina vs Baltimore"]
[Site "Internet Chess Club"]
[Date "2007.09.05"]
[Round "2"]
[White "Milman, Lev"]
[Black "Enkbhat, Tegshsuren"]
[Result "1/2-1/2"]
[WhiteElo "2531"]
[BlackElo "2397"]
[PlyCount "127"]
[EventDate "2007.??.??"]

1. e4 c6 2. d4 d5 3. Nc3 dxe4 4. Nxe4 Bf5 5. Ng3 Bg6 6. h4 h6 7. Nf3 Nd7 8. h5
Bh7 9. Bd3 Bxd3 10. Qxd3 e6 11. Bf4 Qa5+ 12. Bd2 Bb4 13. c3 Be7 14. c4 Qc7 15.
O-O-O Ngf6 16. Kb1 O-O 17. Ne4 Rad8 18. Qe2 b5 19. Rc1 Nxe4 20. Qxe4 Nf6 21.
Qe2 Qb7 22. c5 Rd5 23. g4 Nh7 24. Rhg1 Bf6 25. Qe4 Rfd8 26. Be3 Ng5 27. Nxg5
hxg5 28. Rh1 Qe7 29. Rhf1 Qc7 30. f4 Rxd4 31. Bxd4 Rxd4 32. Qe2 gxf4 33. Rcd1
Qd8 34. Qf3 e5 35. Rxd4 Qxd4 36. Rd1 Qxc5 37. Qg2 Bg5 38. Qe4 Qe7 39. Re1 Qe6
40. Qxe5 Qxg4 41. Qe8+ Kh7 42. Qxf7 Bf6 43. Qb3 Qf5+ 44. Qc2 Qxc2+ 45. Kxc2 Kh6
46. Rh1 c5 47. b3 c4 48. bxc4 bxc4 49. Kd2 Kg5 50. Ke2 Bb2 51. Kf3 c3 52. Rh2
Kf5 53. Re2 Bc1 54. Re7 Be3 55. Rc7 Bd2 56. Rc5+ Kf6 57. Ke4 a5 58. a4 Ke6 59.
Rc6+ Kd7 60. Rc4 Kd6 61. Rc8 Kd7 62. Rc4 Kd6 63. Rc8 Kd7 64. Rc4 1/2-1/2

[Event "USCL Miami vs Seattle"]
[Site "Internet Chess Club"]
[Date "2007.09.05"]
[Round "2"]
[White "Sinanan, Joshua"]
[Black "Mederos, Dennis"]
[Result "1-0"]
[WhiteElo "2191"]
[BlackElo "2062"]
[PlyCount "93"]
[EventDate "2007.??.??"]

1. Nf3 c5 2. c4 Nc6 3. Nc3 g6 4. g3 Bg7 5. Bg2 d6 6. O-O Nf6 7. d4 cxd4 8. Nxd4
Bd7 9. e4 O-O 10. Nde2 a5 11. h3 a4 12. Rb1 Qa5 13. Be3 Rfc8 14. f4 Rd8 15. Qe1
Nb4 16. Qd2 Bc6 17. Nd4 Nh5 18. Kh2 e5 19. Nxc6 bxc6 20. f5 Rd7 21. Qf2 Rad8
22. Bb6 Qa8 23. Bxd8 Qxd8 24. fxg6 hxg6 25. Bf3 Nf6 26. Nxa4 Nd3 27. Qe3 Nb4
28. Qb6 Qxb6 29. Nxb6 Rb7 30. c5 dxc5 31. Nc4 Re7 32. a3 Nc2 33. Rbc1 Nd4 34.
Bg2 Ne8 35. h4 Bh6 36. Rcd1 Bg7 37. Rd3 Nf6 38. Kh3 Ne8 39. Rc3 Ne2 40. Rb3 Nc7
41. Rb8+ Kh7 42. Rb7 Kg8 43. Nd6 f6 44. Rf2 Nd4 45. Bf1 Kh7 46. Bc4 Rd7 47. Ne8
1-0

[Event "USCL Tennessee vs New Jersey"]
[Site "Internet Chess Club"]
[Date "2007.09.05"]
[Round "2"]
[White "Wheeler, Jerry"]
[Black "Ju, Evan"]
[Result "1/2-1/2"]
[WhiteElo "2200"]
[BlackElo "2303"]
[PlyCount "50"]
[EventDate "2007.??.??"]

1. Nf3 g6 2. d4 Bg7 3. e4 c6 4. h3 d5 5. Nc3 dxe4 6. Nxe4 Nd7 7. Bc4 Ngf6 8.
Nxf6+ Nxf6 9. O-O O-O 10. Re1 Qd6 11. c3 Nd5 12. Bb3 Bf5 13. Bg5 Rfe8 14. Bh4
Rad8 15. Bg3 Qd7 16. Ne5 Qc8 17. Qf3 Be6 18. Re2 f6 19. Nd3 Bf7 20. Rae1 e6 21.
Nc5 f5 22. Bh4 Rd6 23. Bg3 Rdd8 24. Bh4 Rd6 25. Bg3 Rdd8 1/2-1/2

[Event "USCL Dallas vs San Francisco"]
[Site "Internet Chess Club"]
[Date "2007.09.05"]
[Round "2"]
[White "Bhat, Vinay"]
[Black "Bartholomew, John"]
[Result "1-0"]
[WhiteElo "2465"]
[BlackElo "2488"]
[PlyCount "163"]
[EventDate "2007.??.??"]

1. e4 d5 2. exd5 Qxd5 3. Nc3 Qa5 4. d4 c6 5. Nf3 Nf6 6. Bc4 Bf5 7. Bd2 e6 8.
Nd5 Qd8 9. Nxf6+ Qxf6 10. Qe2 Bg4 11. O-O-O Nd7 12. d5 Bxf3 13. gxf3 cxd5 14.
Bxd5 O-O-O 15. Be4 Qe5 16. Bc3 Qc7 17. Kb1 f6 18. Rhg1 Nc5 19. Rxd8+ Kxd8 20.
Bd4 Bd6 21. Bxc5 Bxc5 22. Qc4 Kc8 23. b4 Bd6 24. Qxc7+ Bxc7 25. Rxg7 f5 26. Bd3
Bxh2 27. Bc4 Be5 28. Bxe6+ Kb8 29. Rf7 f4 30. Rf5 Bd6 31. a3 h5 32. Rd5 Bc7 33.
Kb2 Re8 34. Rxh5 a5 35. Bc4 axb4 36. axb4 Re5 37. Rh8+ Ka7 38. Rh7 Bd6 39. c3
Re7 40. Rh5 Re5 41. Rh7 Re7 42. Rh5 Re5 43. Rh6 Bc7 44. Bd3 Rd5 45. Be4 Rd7 46.
c4 Rd4 47. Bd5 Rd2+ 48. Kb3 Rd1 49. Rh7 Kb8 50. Rh8+ Ka7 51. Rh7 Kb8 52. Be4
Rd8 53. c5 Kc8 54. Bf5+ Kb8 55. Be4 Kc8 56. Kc4 Rf8 57. Bd5 Rd8 58. Be6+ Kb8
59. Bd5 Kc8 60. b5 b6 61. Rh6 bxc5 62. b6 Bd6 63. Bc6 Be5 64. Rh7 Rh8 65. Rf7
Bd6 66. Bb7+ Kb8 67. Bd5 Kc8 68. Be6+ Kb8 69. Kd5 Rd8 70. Kc6 Be5 71. Rb7+ Ka8
72. Ra7+ Kb8 73. Kb5 c4 74. Bd7 c3 75. Bc6 Kc8 76. Be4 Rf8 77. Ra8+ Bb8 78. Ra3
Be5 79. Kc6 Rf6+ 80. Kd5 Bd6 81. Rxc3+ Kb7 82. Rc6 1-0

[Event "USCL Miami vs Seattle"]
[Site "Internet Chess Club"]
[Date "2007.09.05"]
[Round "2"]
[White "Tangborn, Eric"]
[Black "Martinez, Marcel"]
[Result "1-0"]
[WhiteElo "2475"]
[BlackElo "2462"]
[PlyCount "117"]
[EventDate "2007.??.??"]

1. c4 Nf6 2. Nc3 c5 3. Nf3 Nc6 4. g3 g6 5. Bg2 Bg7 6. O-O O-O 7. a3 d6 8. Rb1
a5 9. d3 Bg4 10. h3 Bd7 11. Bd2 Ne8 12. Kh2 Nc7 13. Ne1 Rb8 14. Nc2 b5 15. cxb5
Nxb5 16. Nxb5 Rxb5 17. b4 cxb4 18. axb4 Rh5 19. Rh1 a4 20. e3 Ne5 21. d4 Nc4
22. Bc1 Qc8 23. h4 Rb5 24. Na3 Rb8 25. Qe2 Nxa3 26. Bxa3 Bb5 27. Qd2 Qf5 28. e4
Qd7 29. Rhc1 Qa7 30. Bb2 Rfc8 31. Ra1 Qa6 32. h5 Rxc1 33. Qxc1 Bc4 34. h6 Bf6
35. e5 dxe5 36. dxe5 Bh8 37. Bc3 Bb3 38. Qf4 Rc8 39. Bd4 Qd3 40. Bf1 Qc2 41.
Ba6 Rd8 42. Rc1 Qa2 43. Bb6 Rf8 44. Bc5 Re8 45. Bb5 Rc8 46. Bd3 Qb2 47. Ba6
Bxe5 48. Qe3 Re8 49. Bb5 Rb8 50. Bd3 Bf6 51. Ba7 Rf8 52. b5 Bd5 53. Bc5 Bb7 54.
Bc4 Rd8 55. Ba3 Qd4 56. Qxd4 Rxd4 57. Bf1 Be5 58. Bg2 Rh4+ 59. Kg1 1-0